Les Cachets et obliterations de la poste francaise aux Armees (1849-1870) (Record no. 2429)

000 -LEADER
fixed length control field 00408nam a22000977a 4500
008 - FIXED-LENGTH DATA ELEMENTS--GENERAL INFORMATION
fixed length control field 170626b xxu||||| |||| 00| 0 eng d
100 ## - MAIN ENTRY--AUTHOR'S NAME
Author's Name Francois, L.
245 ## - TITLE STATEMENT
Title Les Cachets et obliterations de la poste francaise aux Armees (1849-1870)
260 ## - PUBLICATION, DISTRIBUTION, ETC. (IMPRINT)
Place of publication, distribution, etc. Amiens, [France]
Name of publisher, distributor, etc. Imprimerie Yvert & Cie
Date of publication, distribution, etc. 1929
650 ## - TOPICAL TERM (Tag)
Topical term or geographic name France | Military Mail | 1849-1870 | 19th Century | Postal Markings | Postal History | Postal Service
Holdings
Withdrawn status Lost status Source of classification or shelving scheme Damaged status Koha normalized classification for sorting Not for loan Permanent Location Current Location Shelving location Date acquired Total Checkouts Full call number Barcode Date last seen Copy number Price effective from
        G5831 M644 F825   Northern Philatelic Library Northern Philatelic Library Closed Stacks 06/26/2017   G5831 M644 F825 1003101 06/26/2017 1 06/26/2017

Powered by Koha